| 000 -LEADER |
| fixed length control field |
00678nam a2200241Ia 4500 |
| 001 - CONTROL NUMBER |
| control field |
12488 |
| 003 - CONTROL NUMBER IDENTIFIER |
| control field |
GE_BSU |
| 008 - FIXED-LENGTH DATA ELEMENTS--GENERAL INFORMATION |
| fixed length control field |
181216s||||||||xx |||||||||||||| ||und|| |
| 040 ## - CATALOGING SOURCE |
| Transcribing agency |
GE_BSU |
| 080 ## - UNIVERSAL DECIMAL CLASSIFICATION NUMBER |
| Universal Decimal Classification number |
571(075.8) |
| 100 ## - MAIN ENTRY--PERSONAL NAME |
| Personal name |
Лобашев,М.Е. |
| 245 ## - TITLE STATEMENT |
| Title |
Генетика |
| 245 ## - TITLE STATEMENT |
| Statement of responsibility, etc. |
Ред.О.Л.Петровича |
| 250 ## - EDITION STATEMENT |
| Edition statement |
2-ое |
| 260 ## - PUBLICATION, DISTRIBUTION, ETC. |
| Place of publication, distribution, etc. |
Ленинград |
| 260 ## - PUBLICATION, DISTRIBUTION, ETC. |
| Name of publisher, distributor, etc. |
Изд-во ленинградского ун-та |
| 260 ## - PUBLICATION, DISTRIBUTION, ETC. |
| Date of publication, distribution, etc. |
1967 |
| 300 ## - PHYSICAL DESCRIPTION |
| Extent |
750стр.22см. |
| 300 ## - PHYSICAL DESCRIPTION |
| Dimensions |
Именой указатель с.732 |
| 300 ## - PHYSICAL DESCRIPTION |
| Accompanying material |
Терминологический указатель с.735 |
| 653 ## - INDEX TERM--UNCONTROLLED |
| Uncontrolled term |
Генетика |
| 942 ## - ADDED ENTRY ELEMENTS (KOHA) |
| Koha item type |
წიგნი |